| 000 | 00919nam a22002057a 4500 | ||
|---|---|---|---|
| 005 | 20250829191706.0 | ||
| 008 | 240816b ||||| |||| 00| 0 eng d | ||
| 082 | _aDPer 155.205 J826 July-September 2020 v. 119 n. 1-3 | ||
| 100 |
_aHalevy, Nir. _eauthor. _958010 |
||
| 245 |
_aBrokering orientations and social capital : _binfluencing others' relationships shapes status and trust / _cNir Halevy, Taya R. Cohen, and Eliran Halali. |
||
| 260 |
_aWashington ; _bAmerican Psychological Association , _cAugust 2020. |
||
| 300 |
_aVolume 119, pages 293-316 : _c27 cm. |
||
| 500 | _aJournal of Personality and Social Psychology , vol. 119, no. 2, pages 293-316, August 2020. | ||
| 650 |
_aSocial psychology. _960830 |
||
| 650 |
_aInterpersonal relations. _960831 |
||
| 700 |
_aHalevy, Nir. _eauthor. _958010 |
||
| 700 |
_aCohen, Taya R. _eauthor. _958011 |
||
| 700 |
_aHalali, Eliran. _eauthor. _958012 |
||
| 942 |
_2ddc _cPER |
||
| 999 |
_c20535 _d20535 |
||